Statistiken für Städte durch Satellit #2

Klicken Sie hier um das Quiz zu spielen!

Allgemein

  • Dieses Quiz wurde 103 mal gespielt
  • Das Durchschnittsergebnis liegt bei 6 aus 15

Antwortstatistiken

Antwort% Korrekt
Paris
94%
New York
80%
San Francisco
51%
Toronto
49%
Hongkong
44%
Kapstadt
40%
Neapel
36%
Mekka
33%
Seattle
31%
Tokio
31%
Marseille
26%
Sankt Petersburg
19%
Lagos
14%
New Orleans
14%
Manila
9%

Verteilung der Resultate

Perzentil nach korrekt beantworteten Fragen

Anzahl Personen mit jedem Resultat

Ihre Resultats-Entwicklung

Sie haben dieses Quiz noch nicht gespielt